|
|
|
|
| LEADER |
01069nam a2200289 a 4500 |
| 001 |
16434029 |
| 008 |
120703s2011 caua b 001 0 eng d |
| 010 |
|
|
|a 2010935730
|
| 020 |
|
|
|a 9780857025821 (hbk.)
|
| 020 |
|
|
|a 0857025821 (hbk.)
|
| 020 |
|
|
|a 9780857025838
|
| 020 |
|
|
|a 085702583X
|
| 040 |
|
|
|a YDXCP
|c YDXCP
|d CDX
|d UAB
|d CUD
|d UKMGB
|d LML
|d DLC
|d BD-DhAAL
|
| 082 |
0 |
4 |
|a 300.72
|2 22
|
| 100 |
1 |
|
|a McNiff, Jean.
|
| 245 |
1 |
0 |
|a All you need to know about action research /
|c Jean McNiff and Jack Whitehead.
|
| 246 |
3 |
0 |
|a Action research
|
| 250 |
|
|
|a 2nd ed.
|
| 260 |
|
|
|a Los Angeles :
|b SAGE,
|c 2011.
|
| 300 |
|
|
|a vi, 274 p. :
|b ill. ;
|c 25 cm.
|
| 504 |
|
|
|a Includes bibliographical references (p. [260]-269) and index.
|
| 541 |
|
|
|a 00025524
|
| 650 |
|
0 |
|a Action research.
|
| 700 |
1 |
|
|a Whitehead, Jack.
|
| 852 |
1 |
|
|a Ayesha Abed Library
|j General shelf
|
| 999 |
|
|
|c 12464
|d 12464
|
| 952 |
|
|
|0 0
|1 0
|4 0
|6 300_720000000000000_MCN
|7 0
|9 20619
|a BRACUL
|b BRACUL
|c GEN
|d 2012-07-03
|e Karim International
|g 3670.00
|l 1
|m 9
|o 300.72 MCN
|p 3010025524
|r 2018-01-31
|s 2016-08-23
|t 1
|w 2012-07-04
|y BK
|